| 000 -LEADER |
| fixed length control field |
00636nam a22002297a 4500 |
| 003 - CONTROL NUMBER IDENTIFIER |
| control field |
OSt |
| 005 - DATE AND TIME OF LATEST TRANSACTION |
| control field |
20210421064123.0 |
| 008 - FIXED-LENGTH DATA ELEMENTS--GENERAL INFORMATION |
| fixed length control field |
201216s2002 ||||| |||| 00| 0 eng d |
| 020 ## - INTERNATIONAL STANDARD BOOK NUMBER |
| International Standard Book Number |
0072339217 |
| 040 ## - CATALOGING SOURCE |
| Original cataloging agency |
eng |
| Language of cataloging |
eng |
| Transcribing agency |
DLC |
| 041 ## - LANGUAGE CODE |
| Language code of text/sound track or separate title |
eng |
| 080 ## - UNIVERSAL DECIMAL CLASSIFICATION NUMBER |
| Universal Decimal Classification number |
336 |
| Item number |
B-69 |
| 100 ## - MAIN ENTRY--PERSONAL NAME |
| 9 (RLIN) |
455 |
| Personal name |
Bodie, Zvi |
| 245 ## - TITLE STATEMENT |
| Title |
Solutions Manual for Use with Investments |
| Statement of responsibility, etc. |
/ by: McGraw-Hill Higher Education |
| 260 ## - PUBLICATION, DISTRIBUTION, ETC. |
| Place of publication, distribution, etc. |
New York |
| Name of publisher, distributor, etc. |
McGraw-Hill Higher Education |
| Date of publication, distribution, etc. |
2002 |
| 300 ## - PHYSICAL DESCRIPTION |
| Extent |
130 p. |
| Other physical details |
ill. |
| 650 #0 - SUBJECT ADDED ENTRY--TOPICAL TERM |
| 9 (RLIN) |
454 |
| Topical term or geographic name entry element |
Finances |
| 653 ## - INDEX TERM--UNCONTROLLED |
| Uncontrolled term |
ფინანსები |
| 700 ## - ADDED ENTRY--PERSONAL NAME |
| 9 (RLIN) |
456 |
| Personal name |
Kane, Alex |
| 700 ## - ADDED ENTRY--PERSONAL NAME |
| 9 (RLIN) |
457 |
| Personal name |
Marcus, J. Alan |
| 942 ## - ADDED ENTRY ELEMENTS (KOHA) |
| Source of classification or shelving scheme |
|
| Koha item type |
Books |